000 00621cam a2200157 4500
008 160418n 000 0 eng u
022 _a1526-2383
035 _a(Sirsi) a195909
050 _aQH75.B5
245 _aCONSERVATION BIOLOGY IN PRACTICE.
260 _aWashington
_b Society for Conservation Biology
_c 2001.
310 _aQuarterly.
362 _aVol.1, No.1, 2000 - Vol.2, No.1, 2001.
520 _aIt contains articles that intend to help practitioners set their conservation agenda, evaluate options and stay in touch with state of with conservation biology and ecosystem management.
650 _aBiology.
999 _c9973
_d9973